[Event "I Open Ciutat de Sueca 2015"]
[Site "Sueca ESP"]
[Date "2015.08.01"]
[Round "6.25"]
[White "Agullo Valcarcel, Carlos"]
[Black "Bartroli Tejada, Marc"]
[Result "1-0"]
[WhiteElo "1719"]
[BlackElo "1280"]
[PlyCount "45"]
[EventDate "2015.07.27"]
[EventType "swiss"]
[EventRounds "8"]
[EventCountry "ESP"]
[SourceTitle "Ajedrez en Madrid"]
[Source "lmi"]
[SourceDate "2015.05.27"]

1. Nc3 Nf6 2. e4 e5 3. h3 a6 4. Nf3 Nc6 5. d4 Bb4 6. Bg5 h6 7. Bxf6 Qxf6 8. a3
Bxc3+ 9. bxc3 O-O 10. Bd3 exd4 11. cxd4 Nxd4 12. O-O d5 13. Nxd4 Qxd4 14. exd5
Qxd5 15. Bh7+ Kxh7 16. Qxd5 Be6 17. Qxb7 Kh8 18. Qxc7 Rac8 19. Qb6 Rxc2 20.
Rfd1 Rfc8 21. Rd8+ Rxd8 22. Qxd8+ Kh7 23. Qd3+ 1-0

[Event "I Open Ciutat de Sueca 2015"]
[Site "Sueca ESP"]
[Date "2015.08.01"]
[Round "6.26"]
[White "La Orden Garcia, Raquel"]
[Black "Egea Herrero, Albert"]
[Result "1-0"]
[WhiteElo "1540"]
[BlackElo "1267"]
[PlyCount "41"]
[EventDate "2015.07.27"]
[EventType "swiss"]
[EventRounds "8"]
[EventCountry "ESP"]
[SourceTitle "Ajedrez en Madrid"]
[Source "lmi"]
[SourceDate "2015.05.27"]

1. e4 e5 2. Nc3 Nf6 3. Nf3 Nc6 4. Be2 Bc5 5. Nxe5 Nxe5 6. d4 Bxd4 7. Qxd4 Nc6
8. Qd1 O-O 9. Bg5 h6 10. Bh4 g5 11. Bg3 Re8 12. f3 Ne7 13. e5 Nh5 14. Ne4 Kh8
15. f4 gxf4 16. Bxh5 fxg3 17. Nf6 Rf8 18. Qd3 Ng6 19. Bxg6 fxg6 20. Qxg6 Qe7
21. Qxh6+ 1-0

[Event "I Open Ciutat de Sueca 2015"]
[Site "Sueca ESP"]
[Date "2015.08.01"]
[Round "6.27"]
[White "Linares Carrasquer, Jordi"]
[Black "Puig Perez, Jordi"]
[Result "1-0"]
[WhiteElo "1352"]
[BlackElo "1360"]
[PlyCount "37"]
[EventDate "2015.07.27"]
[EventType "swiss"]
[EventRounds "8"]
[EventCountry "ESP"]
[SourceTitle "Ajedrez en Madrid"]
[Source "lmi"]
[SourceDate "2015.05.27"]

1. e4 e5 2. Nf3 Nc6 3. d4 exd4 4. Nxd4 Nf6 5. Nc3 Bb4 6. Nxc6 bxc6 7. f3 O-O 8.
Bd2 Re8 9. Bd3 Bxc3 10. Bxc3 d6 11. Qd2 Be6 12. O-O-O Qd7 13. g4 h6 14. Bxf6
gxf6 15. Qxh6 d5 16. Rhg1 dxe4 17. g5 Bf5 18. gxf6+ Bg6 19. Qg7# 1-0

[Event "I Open Ciutat de Sueca 2015"]
[Site "Sueca ESP"]
[Date "2015.08.01"]
[Round "6.29"]
[White "Moreno Grau, Jose Eugenio"]
[Black "Iborra Fabra, Ramon"]
[Result "1-0"]
[WhiteElo "1218"]
[BlackElo "1339"]
[PlyCount "71"]
[EventDate "2015.07.27"]
[EventType "swiss"]
[EventRounds "8"]
[EventCountry "ESP"]
[SourceTitle "Ajedrez en Madrid"]
[Source "lmi"]
[SourceDate "2015.05.27"]

1. e4 d6 2. d4 Nf6 3. Bd3 g6 4. Nf3 Bg7 5. Bd2 Nbd7 6. c4 e5 7. d5 O-O 8. Nc3
c6 9. h3 Nc5 10. Bc2 Ne8 11. Qe2 f5 12. O-O-O a5 13. g4 f4 14. Na4 Nxa4 15.
Bxa4 Bd7 16. h4 Bxg4 17. Rdg1 h5 18. Rxg4 hxg4 19. Ng5 Nc7 20. Qxg4 Rb8 21. h5
b5 22. hxg6 Rf6 23. Nh7 bxa4 24. Nxf6+ Qxf6 25. Qh5 cxd5 26. Qh7+ Kf8 27. Rh5
Rc8 28. Rf5 Qxf5 29. exf5 Ne8 30. Qh1 Rxc4+ 31. Bc3 Nf6 32. Kd1 Ne4 33. Qh4 Bf6
34. Qh7 Nxc3+ 35. bxc3 Rxc3 36. Qf7# 1-0

[Event "I Open Ciutat de Sueca 2015"]
[Site "Sueca ESP"]
[Date "2015.08.01"]
[Round "7.1"]
[White "Garcia, Jhoel"]
[Black "Montoliu Cervero, Francisco"]
[Result "1/2-1/2"]
[WhiteElo "2336"]
[BlackElo "2335"]
[PlyCount "99"]
[EventDate "2015.07.27"]
[EventType "swiss"]
[EventRounds "8"]
[EventCountry "ESP"]
[SourceTitle "Ajedrez en Madrid"]
[Source "lmi"]
[SourceDate "2015.05.27"]

1. c4 Nf6 2. Nc3 e5 3. Nf3 Nc6 4. e3 d6 5. a3 a5 6. Qc2 g6 7. b3 Bg7 8. Bb2 O-O
9. Be2 Re8 10. d3 b6 11. O-O Bb7 12. Rad1 Nb8 13. Rfe1 Nbd7 14. b4 e4 15. Nd4
exd3 16. Bxd3 Ng4 17. h3 Nge5 18. Bf1 Nc6 19. Nd5 Nxd4 20. exd4 Rxe1 21. Rxe1
Bxd5 22. cxd5 axb4 23. axb4 Nf6 24. Bb5 h6 25. Bc6 Ra7 26. Bc1 Kh7 27. Bd2 Ng8
28. Qe4 Nf6 29. Qh4 Qh8 30. Bg5 Ng8 31. Be8 Bf6 32. Bxf6 Qxf6 33. Qxf6 Nxf6 34.
Bxf7 Kg7 35. Be6 Kf8 36. Re3 Ra1+ 37. Kh2 Rc1 38. Rg3 Kg7 39. Bf5 g5 40. Be6
Rc4 41. b5 Rxd4 42. Rc3 Nxd5 43. Bxd5 Rxd5 44. Rxc7+ Kf6 45. Rc6 Rxb5 46. Rxd6+
Kg7 47. Kg3 Rb3+ 48. f3 Rb2 49. Rd7+ Kg6 50. Rd6+ 1/2-1/2

[Event "I Open Ciutat de Sueca 2015"]
[Site "Sueca ESP"]
[Date "2015.08.01"]
[Round "7.2"]
[White "Diaz Velandia, Jose Manuel"]
[Black "Cruz Lledo, Pablo"]
[Result "1/2-1/2"]
[WhiteElo "2315"]
[BlackElo "2299"]
[PlyCount "82"]
[EventDate "2015.07.27"]
[EventType "swiss"]
[EventRounds "8"]
[EventCountry "ESP"]
[SourceTitle "Ajedrez en Madrid"]
[Source "lmi"]
[SourceDate "2015.05.27"]

1. d4 d5 2. Nf3 Nf6 3. e3 g6 4. Bd3 Bg7 5. O-O O-O 6. Nbd2 Bg4 7. h3 Bxf3 8.
Nxf3 Nbd7 9. c4 dxc4 10. Bxc4 c5 11. b3 cxd4 12. exd4 Nb6 13. Ba3 Nfd5 14. Re1
Bf6 15. Rc1 Rc8 16. Ne5 a6 17. Bc5 Nxc4 18. bxc4 Nb6 19. Bxb6 Qxb6 20. Nd7 Qxd4
21. Nxf8 Kxf8 22. Qb3 Rc7 23. Red1 Qc5 24. Qe3 Qxe3 25. fxe3 e6 26. Kf2 Be7 27.
Ke2 Ke8 28. Rb1 Bc5 29. Rd3 b6 30. g4 a5 31. a4 Bb4 32. Rc1 Ke7 33. Kf3 Rc5 34.
Rd4 h5 35. Rcd1 hxg4+ 36. hxg4 Rc7 37. Rc1 g5 38. Rdd1 Kf6 39. Rd8 Ke5 40. Rd4
Bc5 41. Rdd1 Bb4 1/2-1/2

[Event "I Open Ciutat de Sueca 2015"]
[Site "Sueca ESP"]
[Date "2015.08.01"]
[Round "7.3"]
[White "Montalban Galvez, Antoni"]
[Black "Galvan, Jesus"]
[Result "0-1"]
[WhiteElo "2186"]
[BlackElo "2216"]
[PlyCount "72"]
[EventDate "2015.07.27"]
[EventType "swiss"]
[EventRounds "8"]
[EventCountry "ESP"]
[SourceTitle "Ajedrez en Madrid"]
[Source "lmi"]
[SourceDate "2015.05.27"]

1. Nf3 d6 2. d4 Bg4 3. c4 c6 4. Nc3 Bxf3 5. exf3 g6 6. Be3 Bg7 7. Qd2 Nd7 8.
O-O-O a6 9. h4 h5 10. g4 Ngf6 11. Bh3 Nb6 12. Qe2 d5 13. b3 a5 14. c5 Nbd7 15.
Bg5 b6 16. Na4 bxc5 17. dxc5 e6 18. f4 hxg4 19. Bxg4 Kf8 20. h5 gxh5 21. Bxh5
Qc7 22. Bf3 Nh7 23. Nb6 Nxb6 24. cxb6 Qxb6 25. Bh6 Rg8 26. f5 a4 27. Be3 d4 28.
fxe6 axb3 29. e7+ Ke8 30. Qc4 Rxa2 31. Bxc6+ Kxe7 32. Rxd4 b2+ 33. Kb1 Ra1+ 34.
Kc2 b1=Q+ 35. Rxb1 Qxb1+ 36. Kd2 Ra2+ 0-1

[Event "I Open Ciutat de Sueca 2015"]
[Site "Sueca ESP"]
[Date "2015.08.01"]
[Round "7.4"]
[White "Garcia Fernandez, Carlos"]
[Black "Valmana Canto, Jaime"]
[Result "1/2-1/2"]
[WhiteElo "2312"]
[BlackElo "2416"]
[PlyCount "101"]
[EventDate "2015.07.27"]
[EventType "swiss"]
[EventRounds "8"]
[EventCountry "ESP"]
[SourceTitle "Ajedrez en Madrid"]
[Source "lmi"]
[SourceDate "2015.05.27"]

1. e4 e6 2. d4 d5 3. e5 c5 4. c3 Nc6 5. Nf3 Qb6 6. a3 Nh6 7. b4 cxd4 8. cxd4
Nf5 9. Be3 f6 10. exf6 gxf6 11. Nc3 Nxe3 12. fxe3 Bh6 13. Qd2 O-O 14. Bd3 Ne7
15. O-O e5 16. Bc2 e4 17. Ne1 Be6 18. Bb3 Kh8 19. g3 a5 20. b5 Rac8 21. Ng2 a4
22. Nxa4 Qxb5 23. Rab1 Bh3 24. Nc5 Rxc5 25. dxc5 Qxc5 26. Rfc1 Qxa3 27. Rc7 Qd6
28. Rxb7 Bxg2 29. Kxg2 Nf5 30. Qa5 Nxe3+ 31. Kg1 f5 32. Qc7 Qxc7 33. Rxc7 f4
34. gxf4 Bxf4 35. Ra7 Rg8+ 36. Kh1 Ng4 37. Ra2 Rb8 38. Bc2 Rc8 39. Rba1 Rc3 40.
Rg1 h5 41. Bd1 Be3 42. Rf1 Rc1 43. Kg2 Bc5 44. Bxg4 Rxf1 45. Kxf1 hxg4 46. Ra5
Bd6 47. Rxd5 Bf4 48. Rh5+ Kg7 49. Rh4 Kf6 50. Rxg4 Bxh2 51. Rxe4 1/2-1/2

[Event "I Open Ciutat de Sueca 2015"]
[Site "Sueca ESP"]
[Date "2015.08.01"]
[Round "7.5"]
[White "Suba, Mihai"]
[Black "Rasskin Friederichs, Ivan"]
[Result "1-0"]
[WhiteElo "2322"]
[BlackElo "2036"]
[PlyCount "53"]
[EventDate "2015.07.27"]
[EventType "swiss"]
[EventRounds "8"]
[EventCountry "ESP"]
[SourceTitle "Ajedrez en Madrid"]
[Source "lmi"]
[SourceDate "2015.05.27"]

1. c4 Nf6 2. Nc3 g6 3. e4 d6 4. d4 Bg7 5. h3 O-O 6. Bg5 Na6 7. Nge2 c5 8. d5
Nc7 9. Ng3 b5 10. cxb5 a6 11. bxa6 Bxa6 12. Bxa6 Rxa6 13. O-O Qa8 14. Qd2 Rb8
15. Rfc1 e6 16. dxe6 Nxe6 17. Be3 Nd7 18. Rab1 Nd4 19. Nge2 Qa7 20. Rd1 Rb4 21.
a3 Ne5 22. Bxd4 cxd4 23. axb4 dxc3 24. Nxc3 Nc4 25. Qe2 Rc6 26. b5 Rc8 27. Nd5
1-0

[Event "I Open Ciutat de Sueca 2015"]
[Site "Sueca ESP"]
[Date "2015.08.01"]
[Round "7.6"]
[White "Ortega Gadea, Santiago"]
[Black "Torres Sanchez, Jose"]
[Result "0-1"]
[WhiteElo "2044"]
[BlackElo "2286"]
[PlyCount "86"]
[EventDate "2015.07.27"]
[EventType "swiss"]
[EventRounds "8"]
[EventCountry "ESP"]
[SourceTitle "Ajedrez en Madrid"]
[Source "lmi"]
[SourceDate "2015.05.27"]

1. e4 Nf6 2. e5 Nd5 3. Bc4 Nb6 4. Bb3 d5 5. exd6 cxd6 6. d4 d5 7. h3 Bf5 8. Nf3
e6 9. O-O Nc6 10. c3 Be7 11. Re1 O-O 12. Nbd2 Nd7 13. Nf1 b5 14. g4 Bg6 15. Bf4
b4 16. c4 dxc4 17. Bxc4 Nf6 18. Rc1 Na5 19. Bb5 Qb6 20. Ba4 Rac8 21. Ng3 Rfd8
22. Qe2 Nd5 23. Bd2 Nc6 24. Rc4 Na5 25. Rcc1 Bd6 26. Ne4 Nf4 27. Qf1 Bb8 28.
Rc5 Rxc5 29. Nxc5 Nc6 30. Qc4 Nxh3+ 31. Kg2 Nxd4 32. Nxd4 Qc7 33. Be3 Qh2+ 34.
Kf1 Qg1+ 35. Ke2 Qxg4+ 36. Kd2 e5 37. Nb7 Rc8 38. Qe2 Qe4 39. Qb5 exd4 40. Nc5
dxe3+ 41. Rxe3 Qd5+ 42. Ke1 Qh1+ 43. Kd2 Bf4 0-1

[Event "I Open Ciutat de Sueca 2015"]
[Site "Sueca ESP"]
[Date "2015.08.01"]
[Round "7.8"]
[White "Alberola Mulet, Jairo"]
[Black "Martin Ayala, David"]
[Result "1-0"]
[WhiteElo "2185"]
[BlackElo "1956"]
[PlyCount "65"]
[EventDate "2015.07.27"]
[EventType "swiss"]
[EventRounds "8"]
[EventCountry "ESP"]
[SourceTitle "Ajedrez en Madrid"]
[Source "lmi"]
[SourceDate "2015.05.27"]

1. d4 g6 2. Nf3 Bg7 3. g3 d6 4. Bg2 Nf6 5. O-O O-O 6. a4 c6 7. a5 Na6 8. c3 Rb8
9. Nbd2 Re8 10. Qb3 Be6 11. Qc2 Bf5 12. e4 Nxe4 13. Nxe4 d5 14. Nfg5 dxe4 15.
Bxe4 Bxe4 16. Nxe4 h6 17. Re1 f5 18. Nd2 e5 19. dxe5 Bxe5 20. Nf3 Bg7 21. Bf4
Rxe1+ 22. Rxe1 Nc7 23. Qb3+ Nd5 24. Bxb8 Qxb8 25. a6 b6 26. Qc4 Qd6 27. Nd4
Bxd4 28. Qxd4 Kf7 29. c4 Qb4 30. Qe5 Qxc4 31. Qe6+ Kg7 32. Qd7+ Kf6 33. h4 1-0

[Event "I Open Ciutat de Sueca 2015"]
[Site "Sueca ESP"]
[Date "2015.08.01"]
[Round "7.9"]
[White "Cebrian Flores, Juan Antonio"]
[Black "Mataix Arbona, Cesar"]
[Result "0-1"]
[WhiteElo "1991"]
[BlackElo "2064"]
[PlyCount "88"]
[EventDate "2015.07.27"]
[EventType "swiss"]
[EventRounds "8"]
[EventCountry "ESP"]
[SourceTitle "Ajedrez en Madrid"]
[Source "lmi"]
[SourceDate "2015.05.27"]

1. d4 Nf6 2. c4 e6 3. g3 d5 4. Nf3 Be7 5. Bg2 O-O 6. O-O c6 7. Qc2 Ne4 8. Nc3
f5 9. Rb1 Qa5 10. c5 Nxc3 11. bxc3 Nd7 12. c4 Nf6 13. Ne5 Qd8 14. Rd1 Ne4 15.
f3 Nf6 16. Be3 Qe8 17. Bf2 Qh5 18. Qa4 g5 19. Qc2 Kh8 20. Re1 Bd8 21. h3 Bc7
22. Nd3 Qg6 23. cxd5 exd5 24. Ne5 Qg7 25. Qc3 Re8 26. Rb3 Rb8 27. Reb1 Ra8 28.
Re1 Nh5 29. e4 f4 30. g4 Nf6 31. Bf1 Rb8 32. Bd3 Be6 33. Rb2 Bxe5 34. dxe5 Nd7
35. exd5 Bxd5 36. Bf5 Nf8 37. h4 Ne6 38. Kg2 Kg8 39. Rh1 Re7 40. Qd3 Rd8 41.
Bxe6+ Rxe6 42. hxg5 Rd7 43. Bd4 Qxg5 44. Rh5 Qxg4+ 0-1

[Event "I Open Ciutat de Sueca 2015"]
[Site "Sueca ESP"]
[Date "2015.08.01"]
[Round "7.10"]
[White "Gerona Maura, Jesus"]
[Black "Frasquet Solbes, Elias"]
[Result "0-1"]
[WhiteElo "1931"]
[BlackElo "2171"]
[PlyCount "102"]
[EventDate "2015.07.27"]
[EventType "swiss"]
[EventRounds "8"]
[EventCountry "ESP"]
[SourceTitle "Ajedrez en Madrid"]
[Source "lmi"]
[SourceDate "2015.05.27"]

1. Nf3 g6 2. c4 Bg7 3. Nc3 e5 4. d4 exd4 5. Nxd4 Nc6 6. Nxc6 bxc6 7. g3 d6 8.
Bg2 Ne7 9. e4 Be6 10. Qd3 Qc8 11. h4 O-O 12. Bg5 f6 13. Be3 Qa6 14. b3 f5 15.
Bd4 fxe4 16. Bxe4 Bxd4 17. Qxd4 Nf5 18. Qd2 Rae8 19. O-O-O Qa3+ 20. Qb2 Qxb2+
21. Kxb2 Bd7 22. g4 Ng7 23. f3 Ne6 24. h5 Kg7 25. hxg6 hxg6 26. Rd2 Rh8 27.
Rdh2 Rxh2+ 28. Rxh2 Ng5 29. Rf2 Rf8 30. Kc2 Ne6 31. Kd2 Nc5 32. Ke3 a5 33. Rd2
Rh8 34. Ne2 Ne6 35. Nd4 c5 36. Nxe6+ Bxe6 37. Rb2 g5 38. Rg2 Kf6 39. Bc6 Ke5
40. Be4 Bd7 41. Rd2 Be6 42. Bd5 Bd7 43. Be4 c6 44. Re2 d5 45. cxd5 cxd5 46. Bc2
Rh3 47. Rg2 d4+ 48. Kf2 Bc6 49. Rg3 Rh2+ 50. Rg2 Rxg2+ 51. Kxg2 Kf4 0-1

[Event "I Open Ciutat de Sueca 2015"]
[Site "Sueca ESP"]
[Date "2015.08.01"]
[Round "7.11"]
[White "Soler Nadal, Jose Antonio"]
[Black "Cortes Marti, Javier"]
[Result "0-1"]
[WhiteElo "1806"]
[BlackElo "2081"]
[PlyCount "114"]
[EventDate "2015.07.27"]
[EventType "swiss"]
[EventRounds "8"]
[EventCountry "ESP"]
[SourceTitle "Ajedrez en Madrid"]
[Source "lmi"]
[SourceDate "2015.05.27"]

1. Nf3 Nf6 2. d4 e6 3. e3 b6 4. c4 Bb7 5. Nc3 d5 6. Be2 Nbd7 7. cxd5 Nxd5 8.
O-O c5 9. Nxd5 Bxd5 10. Bd2 cxd4 11. Nxd4 Bc5 12. Bf3 Bxf3 13. Nxf3 O-O 14. Bc3
Qe7 15. Qa4 Nf6 16. Bd4 Bd6 17. Be5 Bc5 18. Bd4 Rfc8 19. Rac1 Nd5 20. Bxc5 Rxc5
21. Nd4 Rac8 22. Nb3 R5c7 23. h3 g6 24. Rxc7 Rxc7 25. Rc1 a5 26. a3 e5 27. Rc6
Qd7 28. Rc4 Qxa4 29. Rxa4 Rc2 30. Nxa5 bxa5 31. Rxa5 Nb6 32. Ra6 Rxb2 33. a4
Nc4 34. Ra8+ Kg7 35. a5 Ra2 36. a6 Nb6 37. Ra7 h5 38. g4 hxg4 39. hxg4 g5 40.
Kg2 Kg6 41. Kg3 e4 42. f4 Nd5 43. Ra8 gxf4+ 44. exf4 Ra3+ 45. Kf2 Nxf4 46. a7
Kg7 47. Re8 Rxa7 48. Rxe4 Ne6 49. Kg3 Ng5 50. Rc4 Kg6 51. Kf4 f6 52. Kg3 Ra3+
53. Kg2 Nf3 54. Rf4 Ne5 55. Kh2 Rf3 56. Rb4 Kg5 57. Kg2 Rf4 0-1

[Event "I Open Ciutat de Sueca 2015"]
[Site "Sueca ESP"]
[Date "2015.08.01"]
[Round "7.12"]
[White "Albert Garrote, Amadeo"]
[Black "Ferrer Berenguer, Ligorio"]
[Result "1-0"]
[WhiteElo "1788"]
[BlackElo "2056"]
[PlyCount "82"]
[EventDate "2015.07.27"]
[EventType "swiss"]
[EventRounds "8"]
[EventCountry "ESP"]
[SourceTitle "Ajedrez en Madrid"]
[Source "lmi"]
[SourceDate "2015.05.27"]

1. d4 Nf6 2. Nf3 g6 3. Bf4 Bg7 4. Nc3 d5 5. h3 O-O 6. Ne5 c6 7. Qd2 Re8 8. f3
Nh5 9. Bh2 f6 10. g4 fxe5 11. dxe5 Nf6 12. exf6 Bxf6 13. O-O-O Qa5 14. f4 Bg7
15. Bg1 Nd7 16. e4 e6 17. e5 b5 18. Kb1 Nb6 19. Ne2 Qa4 20. Qc3 b4 21. Qb3 Bf8
22. Nd4 Bd7 23. c4 c5 24. Nf3 Qxb3 25. axb3 d4 26. Nd2 Bc6 27. Rh2 a5 28. Bg2
Bxg2 29. Rxg2 a4 30. Kc2 Ra6 31. h4 Rea8 32. f5 axb3+ 33. Kxb3 Nd7 34. Bh2 Bg7
35. Re1 Bh6 36. Ne4 Be3 37. Nd6 Nf8 38. Ne4 Nd7 39. Nd6 Nf8 40. Ne4 Rc8 41. Nd6
Kg7 1-0

[Event "I Open Ciutat de Sueca 2015"]
[Site "Sueca ESP"]
[Date "2015.08.01"]
[Round "7.13"]
[White "Gomez Sanjuan, Hector Fernando"]
[Black "Garcia Sancho, Josep"]
[Result "1-0"]
[WhiteElo "2032"]
[BlackElo "1855"]
[PlyCount "121"]
[EventDate "2015.07.27"]
[EventType "swiss"]
[EventRounds "8"]
[EventCountry "ESP"]
[SourceTitle "Ajedrez en Madrid"]
[Source "lmi"]
[SourceDate "2015.05.27"]

1. d4 Nf6 2. c4 g6 3. Nc3 d5 4. cxd5 Nxd5 5. e4 Nxc3 6. bxc3 Bg7 7. Bc4 O-O 8.
Ne2 c5 9. O-O Nc6 10. Be3 Qc7 11. Rc1 Rd8 12. Bf4 Qa5 13. Qb3 Rf8 14. d5 Ne5
15. Bg5 b5 16. Bxb5 Rb8 17. c4 f6 18. Be3 a6 19. Bxc5 axb5 20. Bxe7 Re8 21. Bd6
Rb7 22. Bxe5 fxe5 23. c5 Bf8 24. Rfd1 Rf7 25. d6 Be6 26. Qe3 Qa7 27. c6 Qxe3
28. fxe3 Ra7 29. d7 Rd8 30. Nc3 b4 31. Nd5 Bxd5 32. exd5 Bd6 33. Rf1 Kg7 34.
Rf2 Rc7 35. Rcf1 Bc5 36. Rf7+ Kg8 37. Kh1 Kh8 38. R7f6 Kg7 39. h3 Bxe3 40. Rf7+
Kh6 41. Rf8 Rdxd7 42. cxd7 Rxd7 43. Rb8 Bd2 44. Rd1 Bc3 45. d6 Kg5 46. Rc8 Kf5
47. Rc7 Rd8 48. Rxh7 Ke6 49. Re7+ Kf6 50. Rf1+ Kg5 51. d7 e4 52. Rd1 Kf4 53.
Re8 Bf6 54. Rxd8 Bxd8 55. Kg1 Ke3 56. Kf1 g5 57. Rd5 Kf4 58. Ke2 Kg3 59. Re5
Kxg2 60. Rxe4 Kxh3 61. Re8 1-0

[Event "I Open Ciutat de Sueca 2015"]
[Site "Sueca ESP"]
[Date "2015.08.01"]
[Round "7.14"]
[White "Carbonell Sancho, Marc"]
[Black "Ramon Gualberto, Arturo"]
[Result "1-0"]
[WhiteElo "1656"]
[BlackElo "1968"]
[PlyCount "55"]
[EventDate "2015.07.27"]
[EventType "swiss"]
[EventRounds "8"]
[EventCountry "ESP"]
[SourceTitle "Ajedrez en Madrid"]
[Source "lmi"]
[SourceDate "2015.05.27"]

1. e4 c6 2. d4 d5 3. exd5 cxd5 4. c4 Nf6 5. Nc3 Nc6 6. cxd5 Nxd5 7. Bc4 Nxc3 8.
bxc3 g6 9. Nf3 Bg7 10. O-O O-O 11. Re1 Bg4 12. Bf4 Rc8 13. Bb3 Na5 14. Rc1 Nxb3
15. axb3 Re8 16. h3 Bf5 17. g4 Bd7 18. Ne5 Be6 19. c4 Bd7 20. Qf3 f6 21. Nxd7
Qxd7 22. d5 e5 23. dxe6 Qc6 24. Qd5 Rcd8 25. Qxc6 bxc6 26. Ra1 f5 27. Rxa7 Rd4
28. Rxg7+ 1-0

[Event "I Open Ciutat de Sueca 2015"]
[Site "Sueca ESP"]
[Date "2015.08.01"]
[Round "7.15"]
[White "La Orden Gil, Javier"]
[Black "Galvan Cipriani, Viviana"]
[Result "0-1"]
[WhiteElo "1967"]
[BlackElo "1698"]
[PlyCount "99"]
[EventDate "2015.07.27"]
[EventType "swiss"]
[EventRounds "8"]
[EventCountry "ESP"]
[SourceTitle "Ajedrez en Madrid"]
[Source "lmi"]
[SourceDate "2015.05.27"]

1. e4 c5 2. Nf3 a6 3. d4 cxd4 4. Nxd4 Nf6 5. Nc3 e5 6. Nb3 Bb4 7. Bd2 Bxc3 8.
Bxc3 Nxe4 9. Qg4 Ng5 10. h4 Ne6 11. Bxe5 O-O 12. Bd6 Re8 13. O-O-O Qf6 14. Bd3
Nc6 15. h5 Ne5 16. Bxh7+ Kxh7 17. Qe4+ Kg8 18. Bxe5 Qg5+ 19. f4 Qh6 20. g4 Nxf4
21. Kb1 d6 22. Bxg7 Rxe4 23. Bxh6 Bxg4 24. Bxf4 Bxd1 25. Bxd6 Bg4 26. h6 Kh7
27. a3 Rae8 28. Bb4 Rd8 29. Nc5 Red4 30. Ka2 Rc8 31. Bc3 Rd1 32. Rh4 Rxc5 33.
Rxg4 Kxh6 34. Kb3 Rg5 35. Rf4 Rd7 36. Bf6 Rc5 37. Ka2 Kg6 38. Bh8 f5 39. c4 Rc6
40. b4 Rc8 41. Be5 Re7 42. Bb2 Re4 43. Rf2 Rexc4 44. Kb3 Re4 45. Rg2+ Rg4 46.
Rd2 Rc6 47. Rd7 b5 48. Rg7+ Kh5 49. Rf7 Kg5 50. Bd4 0-1

[Event "I Open Ciutat de Sueca 2015"]
[Site "Sueca ESP"]
[Date "2015.08.01"]
[Round "7.16"]
[White "Vicente Sanz, Andres"]
[Black "Rubio Tent, Pedro"]
[Result "0-1"]
[WhiteElo "1929"]
[BlackElo "1665"]
[PlyCount "68"]
[EventDate "2015.07.27"]
[EventType "swiss"]
[EventRounds "8"]
[EventCountry "ESP"]
[SourceTitle "Ajedrez en Madrid"]
[Source "lmi"]
[SourceDate "2015.05.27"]

1. e4 c5 2. Nf3 Nc6 3. d4 cxd4 4. Nxd4 Nf6 5. Nc3 e5 6. Ndb5 d6 7. Bg5 a6 8.
Bxf6 gxf6 9. Na3 b5 10. Nd5 f5 11. Bd3 Be6 12. c3 Bg7 13. Qh5 f4 14. Nc2 Ne7
15. Qg5 Rg8 16. Ncb4 Nxd5 17. Qxd8+ Kxd8 18. exd5 Bc8 19. Bxh7 Rh8 20. Bd3 Bb7
21. a4 bxa4 22. Rxa4 a5 23. Nc6+ Bxc6 24. dxc6 Kc7 25. Be4 Rhb8 26. Ra2 Rb5 27.
c4 Rb4 28. Bd5 f5 29. O-O e4 30. Rb1 a4 31. Be6 a3 32. Bxf5 Rxb2 33. Rba1 e3
34. fxe3 fxe3 0-1

[Event "I Open Ciutat de Sueca 2015"]
[Site "Sueca ESP"]
[Date "2015.08.01"]
[Round "7.17"]
[White "Fos Santacreu, Juan Andres"]
[Black "Carmona Huertas, Juan Antonio"]
[Result "1-0"]
[WhiteElo "2286"]
[BlackElo "1801"]
[PlyCount "53"]
[EventDate "2015.07.27"]
[EventType "swiss"]
[EventRounds "8"]
[EventCountry "ESP"]
[SourceTitle "Ajedrez en Madrid"]
[Source "lmi"]
[SourceDate "2015.05.27"]

1. e4 c5 2. c4 Nc6 3. Ne2 g6 4. d4 cxd4 5. Nxd4 Bg7 6. Be3 Nf6 7. Nc3 O-O 8.
Be2 d6 9. O-O Bd7 10. Qd2 Nxd4 11. Bxd4 Bc6 12. Bf3 Nd7 13. Bxg7 Kxg7 14. Nd5
Bxd5 15. exd5 Ne5 16. Be2 Qb6 17. Kh1 Rfc8 18. b3 a5 19. f4 Nd7 20. Rae1 Nf6
21. Bd1 Rc7 22. f5 Qb4 23. Qd4 Kg8 24. fxg6 hxg6 25. Re3 Qc5 26. Qf4 Kg7 27.
Rxe7 1-0

[Event "I Open Ciutat de Sueca 2015"]
[Site "Sueca ESP"]
[Date "2015.08.01"]
[Round "7.18"]
[White "Bordes Ibanez, Juan"]
[Black "Villanueva Claramonte, Ramon"]
[Result "1-0"]
[WhiteElo "1997"]
[BlackElo "1793"]
[PlyCount "111"]
[EventDate "2015.07.27"]
[EventType "swiss"]
[EventRounds "8"]
[EventCountry "ESP"]
[SourceTitle "Ajedrez en Madrid"]
[Source "lmi"]
[SourceDate "2015.05.27"]

1. Nf3 d5 2. c4 Nf6 3. cxd5 Nxd5 4. d4 e6 5. e4 Nf6 6. Nc3 Be7 7. Bd3 Nbd7 8.
O-O b6 9. Bg5 Bb7 10. Qe2 c5 11. e5 Nd5 12. Nxd5 Bxd5 13. Bxe7 Qxe7 14. dxc5
bxc5 15. Nd2 O-O 16. Nc4 Nb6 17. Rac1 Nxc4 18. Bxc4 Rfd8 19. Rc2 Qb7 20. f3
Rab8 21. Rfc1 Qb4 22. b3 g6 23. Qf2 Bxc4 24. Rxc4 Qd2 25. Qxd2 Rxd2 26. R1c2
Rxc2 27. Rxc2 Rb5 28. Rc4 Kf8 29. Kf2 Ke7 30. Ra4 a5 31. f4 Kd7 32. Ke3 Kc6 33.
g4 Kb6 34. Rc4 Rb4 35. Rc3 a4 36. Rd3 axb3 37. axb3 Kb5 38. g5 Ka5 39. Kf3 Rb7
40. Rc3 Kb4 41. Rc4+ Kb5 42. Ke4 Ra7 43. Rc3 Ra2 44. Rh3 Kb4 45. Rxh7 Kxb3 46.
Rxf7 c4 47. Rf6 Ra4 48. Rxe6 c3+ 49. Kd3 Rxf4 50. Rb6+ Ka4 51. Kxc3 Rf5 52. Kc4
Ka5 53. Rxg6 Rxe5 54. Kd4 Re2 55. h4 Kb5 56. h5 1-0

[Event "I Open Ciutat de Sueca 2015"]
[Site "Sueca ESP"]
[Date "2015.08.01"]
[Round "7.19"]
[White "Moll Domenech, Andreu"]
[Black "Valdenebro Orihuel, Miguel"]
[Result "1/2-1/2"]
[WhiteElo "1886"]
[BlackElo "1951"]
[PlyCount "82"]
[EventDate "2015.07.27"]
[EventType "swiss"]
[EventRounds "8"]
[EventCountry "ESP"]
[SourceTitle "Ajedrez en Madrid"]
[Source "lmi"]
[SourceDate "2015.05.27"]

1. e4 c5 2. Nf3 d6 3. d4 cxd4 4. Nxd4 Nf6 5. Nc3 g6 6. Bc4 Bg7 7. h3 O-O 8. Bb3
Nc6 9. Be3 Qa5 10. O-O Bd7 11. Qd2 Nxd4 12. Qxd4 Qh5 13. Qd1 Qh4 14. Qf3 Bc6
15. Bd5 e6 16. Bxc6 bxc6 17. Rad1 d5 18. exd5 cxd5 19. Rd4 Qh5 20. Qxh5 Nxh5
21. Ra4 Rab8 22. Nd1 Rb7 23. c3 e5 24. Re1 Rd8 25. g4 Nf6 26. a3 Rdd7 27. Kg2
Ne4 28. f3 Nd6 29. Bc5 Nc4 30. b4 f5 31. Ne3 Nxe3+ 32. Rxe3 f4 33. Re2 d4 34.
cxd4 exd4 35. b5 d3 36. Re1 d2 37. Rd1 Rxb5 38. Bb4 Re5 39. Kf2 Red5 40. Ke2
Re5+ 41. Kf2 Red5 1/2-1/2